Представление документа в формате RUSMARC

ПолеНазваниеЗначение
  Тип записи a
  Библиографический уровень m
001 Контрольный номер RU/SLIB/B/208742231
005 Дата корректировки 20201206204059.8
010 Индекс ISBN __
d Цена 0-45
101 Язык документа __
a Язык текста rus
200 Заглавие и сведения об ответственности 1_
a Заглавие Сказание о солнечном камне
e Сведения, относящиеся к заглавию науч.-попул. очерк об угле
b Общее обозначение материала Текст
205 Сведения об издании __
a Основные сведения об издании 2-е изд., доп.
210 Выходные данные __
a Место издания Донецк
c Издательство Донбас
d Дата издания 1983
215 Физическое описание __
a Объем 192 с.
c Иллюстрации/тип воспроизводства ил.
606 Тематические рубрики __
a Основная рубрика Геология
606 Тематические рубрики __
a Основная рубрика Геология полезных ископаемых в целом
606 Тематические рубрики __
a Основная рубрика Нефть и газы
610 Ключевые слова __
a Ключевые слова уголь; угольные пласты; шахты; очерки; полезные ископаемые
686 Индексы других классификаций __
a Классификационный индекс 26.343.3
700 Автор _1
a Фамилия Сапицкий
b Имя К. Ф.
4 Код отношения 070
801 Источник записи _0
a Страна RU
b Организация Муниципальное бюджетное учреждение культуры "Централизованная библиотечная система" г. Сургут (Центральная городская библиотека им. А. С. Пушкина)
g Правила каталогизации КиК/Михайлова
801 Источник записи _1
a Страна RU
b Организация Муниципальное бюджетное учреждение культуры "Централизованная библиотечная система" г. Сургут (Центральная городская библиотека им. А. С. Пушкина)
g Правила каталогизации КиК/Михайлова
852 Данные о местонахождении __
j Шифр хранения 26.343.3
c Каталожный индекс 26.343.3
i Авторский знак С 19
p Инвентарный номер 15991
901 Тип документа __
t Тип документа m
990 Данные о заказе (DOS) __
j Количество экземпляров (DOS) 1